Statystyki dla Quiz o Republice Południowej Afryki

Kliknij tutaj aby rozwiązać quiz!

Ogólne statystyki

  • Ten quiz został rozwiązany 1 191 razy
  • Średni wynik to 12 z 28

Statystyki odpowiedzi

WskazówkaOdpowiedź% Poprawnych
StoliceKapsztad
86%
Największe miastoJohannesburg
83%
StolicePretoria
83%
Państwa granicząceLesotho
76%
Najczęściej używane językiAngielski
75%
Państwa granicząceNamibia
74%
Państwa granicząceEswatini
73%
Państwa granicząceBotswana
72%
Państwa granicząceMozambik
72%
Państwa granicząceZimbabwe
70%
Były prezydent (1994-1999)Nelson Mandela
53%
Okres segregacji rasowejApartheid
49%
Aerofon ustnikowy używany przez kibiców piłki nożnej w RPAWuwuzela
42%
StoliceBloemfontein
40%
Najczęściej używane językiAfrikaans
39%
Największa pustyniaKalahari
31%
Najczęściej używane językiZulu
29%
Jest to najbardziej wysunięty na południe punktPrzylądek {Igielny}
25%
Grupa ludzi wywodziła się z osadników holenderskichBurowie
23%
WalutaRand
21%
Najdłuższa rzekaOranje
18%
Najczęściej używane językiXhosa
17%
Biskup, zdobywca pokojowej Nagrody NoblaDesmond Tutu
15%
Pseudonim drużyny związkowej Rugby
(Wskazówka: antylopa)
{Skocznik} antylopi
12%
Rządząca partia politycznaAfrykański Kongres Narodowy
11%
Więzienie wyspowe, w którym kiedyś mieszkali powyżsi ludzieRobben Island
11%
Firma, która kiedyś kontrolowała ponad 90% handlu
diamentami na całym świecie
De Beers
9%
Termin używany przez powyższe w celu opisania wielokulturowego społeczeństwa Południowej Afryki{Rainbow} Nation
9%

Rozkład punktacji

Percentyl według liczby udzielonych odpowiedzi

Procent ludzi z każdym wynikiem

Twoja historia wyników

Nie rozwiązałeś tego quizu